LDR 00801naa#a2200157#i#450# 001 RU\\bibl\110275 005 20260606153645.6 011 ## _a2312-7937 100 ## _a20251230b2025####ek#y0rusy0150####ca 102 ## _aRU 200 1# _aК 60-ЛЕТИЮ ТАЛАНТЛИВОГО УЧЕНОГО – АЛЕКСЕЯ АЛЕКСЕЕВИЧА ГРИШКОВЦА _eЖурнальная статья 210 1# _aДомодедово _cВсероссийский институт повышения квалификации сотрудников Министерства внутренних дел Российской Федерации _d2025 215 ## _a5 с. 608 ## _aЖурнальная статья _2local 700 #1 _aКобзарь-Фролова _gМаргарита Николаевна 856 4# _avipkmvd.editorum.ru _u